Jednotný civilný delikt alebo oddelené režimy zmluvnej a mimozmluvnej náhrady škody?

Analýza stretov systémov zmluvnej a mimozmluvnej zodpovednosti za škodu. Posúdenie ich vzájomného vzťahu a normatívneho nastavenia. Posúdenie, ktorý z prístupov - jednota alebo oddelenosť režimov je z pohľadu slovenského práva vhodnejší.

Salvato in:
Dettagli Bibliografici
Autore principale: Novotná, Marianna
Natura: Capitolo di libro
Lingua:slovacco
Soggetti:
Tags: Aggiungi Tag
Nessun Tag, puoi essere il primo ad aggiungerne!!

MARC

LEADER 00000naa a2200000 4500
001 0281116
005 20240417075150.9
041 0 |a slo 
044 |a SK 
245 1 0 |a Jednotný civilný delikt alebo oddelené režimy zmluvnej a mimozmluvnej náhrady škody?  |c Marianna Novotná 
520 |a Analýza stretov systémov zmluvnej a mimozmluvnej zodpovednosti za škodu. Posúdenie ich vzájomného vzťahu a normatívneho nastavenia. Posúdenie, ktorý z prístupov - jednota alebo oddelenosť režimov je z pohľadu slovenského práva vhodnejší. 
610 2 0 |a náhrada škody 
610 2 0 |a zodpovednosť za škody 
610 2 0 |a zmluvy 
610 2 0 |a legislatíva 
100 1 |a Novotná, Marianna